| 000 | 00368nam a2200145 i 4500 | ||
|---|---|---|---|
| 001 | bg | ||
| 100 | 1 |
_aOsiński, Zbigniew _d(1926-2001). |
|
| 245 | 0 |
_aTeoria konstrukcji / _cZbigniew Osiński, Jerzy Wróbel. |
|
| 260 |
_aWarszawa, _c1977. |
||
| 700 | 1 | _aWróbel, Jerzy. | |
| 040 | _cBPK | ||
| 041 | _apol | ||
| 942 | _cKS | ||
| 008 | s pl f |000 0 pol | ||
| 999 |
_c19829 _d19829 |
||
| 856 |
_uhttp://koha.tu.koszalin.pl/cgi-bin/koha/opac-detail.pl?biblionumber=19829 _yKatalog online BPK |
||